000 00771nam a2200193Ia 4500
999 _c39534
_d39534
001 6131
003 GE_BSU
005 20191118115400.0
008 181216s1981||||ge |||||||||||||| ||ge ||
040 _cGE_BSU
041 _ageo
080 _a811.353.1'282 ა-97
245 _aაჭარული დიალექტის დარგობრივი ლექსიკა III /
_cრედ. შ. ძიძიგური.
264 _aთბილისი :
_bმეცნიერება,
_c1981.
300 _a62 გვ. ;
_c21 სმ.
653 _aაჭარული დიალექტის დარგობრივი ლექსიკა
700 _aძიძიგური, შ.
_eრედაქტორი
_92258
942 _cBK
_2udc